MANAGERIAL ECONOMICS (Record no. 13365)
[ view plain ]
| 000 -LEADER | |
|---|---|
| fixed length control field | 00365nam a2200145Ia 4500 |
| 008 - FIXED-LENGTH DATA ELEMENTS--GENERAL INFORMATION | |
| fixed length control field | 240624s9999 xx 000 0 und d |
| 041 ## - LANGUAGE CODE | |
| Language code of text/sound track or separate title | eng |
| 082 ## - DEWEY DECIMAL CLASSIFICATION NUMBER | |
| Classification number | 338.5024658 TRU |
| 100 ## - MAIN ENTRY--PERSONAL NAME | |
| Personal name | TRUETT LILA J |
| 245 ## - TITLE STATEMENT | |
| Title | MANAGERIAL ECONOMICS |
| 250 ## - EDITION STATEMENT | |
| Edition statement | (8th ed.) |
| 260 ## - PUBLICATION, DISTRIBUTION, ETC. | |
| Date of publication, distribution, etc. | 2008 |
| Place of publication, distribution, etc. | New York |
| Name of publisher, distributor, etc. | John Wiley and Sons |
| 300 ## - PHYSICAL DESCRIPTION | |
| Extent | 742 : p. : cm. ; 24 |
| 365 ## - TRADE PRICE | |
| Currency code | |
| Price amount | 33.33 |
| Withdrawn status | Lost status | Damaged status | Not for loan | Home library | Current library | Shelving location | Date acquired | Source of acquisition | Cost, normal purchase price | Total Holds | Full call number | Barcode | Date last seen | Copy number | Price effective from | Koha item type |
|---|---|---|---|---|---|---|---|---|---|---|---|---|---|---|---|---|
| Store Books | IMTN | IMTN | Rack 10-B | 06/19/2009 | IBH | 6.50 | 318 | 338.5024658 TRU | 13365 | 06/24/2024 | 51.1 | 06/24/2024 | Books |